00333nam a2200121Ia 4500008004100000041000800041082001600049100001800065245004500083260004100128300003100169365001100200240624s9999 xx 000 0 und d aeng a658.827 VAN aVANAUKEN BRAD aBRANDING A REFERENCE GUIDE TO SOLVING YO c2007aMumbaibJaico Publishing House axiv, : 306 : p. : cm. ; 23 cRSb30